<?xml version="1.0" encoding="UTF-8"?>
<record
    xmlns:xsi="http://www.w3.org/2001/XMLSchema-instance"
    xsi:schemaLocation="http://www.loc.gov/MARC21/slim http://www.loc.gov/standards/marcxml/schema/MARC21slim.xsd"
    xmlns="http://www.loc.gov/MARC21/slim">

  <leader>00801nam a2200217 a 4500</leader>
  <controlfield tag="001">31455</controlfield>
  <controlfield tag="003">BD-RjUL</controlfield>
  <controlfield tag="005">20211209051713.0</controlfield>
  <controlfield tag="008">900912s1980    ii            000 0 eng d</controlfield>
  <datafield tag="035" ind1=" " ind2=" ">
    <subfield code="a">(BD-RjUL)31543</subfield>
  </datafield>
  <datafield tag="040" ind1=" " ind2=" ">
    <subfield code="a">BD-RjUL</subfield>
    <subfield code="b">eng</subfield>
    <subfield code="c">BD-RjUL</subfield>
  </datafield>
  <datafield tag="041" ind1=" " ind2=" ">
    <subfield code="a">eng</subfield>
  </datafield>
  <datafield tag="082" ind1=" " ind2=" ">
    <subfield code="a">181.4</subfield>
    <subfield code="b">SAD V-1 1980</subfield>
  </datafield>
  <datafield tag="100" ind1="1" ind2=" ">
    <subfield code="a">Sarkar, Anil Kumar.</subfield>
    <subfield code="9">95703</subfield>
  </datafield>
  <datafield tag="245" ind1="1" ind2="0">
    <subfield code="a">Dynamic facets of Indian thought /</subfield>
    <subfield code="c">Anil Kumar Sarkar</subfield>
    <subfield code="n">Vol. 1</subfield>
    <subfield code="p">Vedas to the Auxiliary Scriptures .</subfield>
  </datafield>
  <datafield tag="260" ind1=" " ind2=" ">
    <subfield code="a">New Delhi :</subfield>
    <subfield code="b">Manohar,</subfield>
    <subfield code="c">1980</subfield>
  </datafield>
  <datafield tag="300" ind1=" " ind2=" ">
    <subfield code="a">xxvii ,184 p. :</subfield>
    <subfield code="c">23 cm</subfield>
  </datafield>
  <datafield tag="505" ind1="0" ind2=" ">
    <subfield code="a">v.1. Vedas to the auxiliary scriptures; v.2. Three non-Vedic systems C&#x101;rv&#x101;ka, Jaina and Buddha; v.3. Six Vedic systems and other currents; v.4. Western impact on Indian thought</subfield>
  </datafield>
  <datafield tag="650" ind1=" " ind2="0">
    <subfield code="a">Philosophy, Indic</subfield>
    <subfield code="9">95704</subfield>
  </datafield>
  <datafield tag="942" ind1=" " ind2=" ">
    <subfield code="2">ddc</subfield>
    <subfield code="c">BK</subfield>
  </datafield>
  <datafield tag="999" ind1=" " ind2=" ">
    <subfield code="c">31455</subfield>
    <subfield code="d">31455</subfield>
  </datafield>
  <datafield tag="952" ind1=" " ind2=" ">
    <subfield code="0">0</subfield>
    <subfield code="1">0</subfield>
    <subfield code="2">ddc</subfield>
    <subfield code="4">0</subfield>
    <subfield code="7">1</subfield>
    <subfield code="8">NFIC</subfield>
    <subfield code="a">RUCL</subfield>
    <subfield code="b">RUCL</subfield>
    <subfield code="c">Reading</subfield>
    <subfield code="d">1983-11-27</subfield>
    <subfield code="e">Asia Fundation Gift</subfield>
    <subfield code="l">0</subfield>
    <subfield code="o">181.4 SAD V-1 1980</subfield>
    <subfield code="r">2014-04-16 00:00:00</subfield>
    <subfield code="t">C-1</subfield>
    <subfield code="w">2014-04-16</subfield>
    <subfield code="y">BK</subfield>
  </datafield>
  <datafield tag="952" ind1=" " ind2=" ">
    <subfield code="0">0</subfield>
    <subfield code="1">0</subfield>
    <subfield code="2">ddc</subfield>
    <subfield code="4">0</subfield>
    <subfield code="7">0</subfield>
    <subfield code="8">NFIC</subfield>
    <subfield code="a">RUCL</subfield>
    <subfield code="b">RUCL</subfield>
    <subfield code="c">Stack</subfield>
    <subfield code="d">1983-11-27</subfield>
    <subfield code="l">0</subfield>
    <subfield code="o">181.4 SAD V-1 1980</subfield>
    <subfield code="r">2014-04-23 00:00:00</subfield>
    <subfield code="t">C-2</subfield>
    <subfield code="w">2014-04-23</subfield>
    <subfield code="y">BK</subfield>
  </datafield>
  <datafield tag="952" ind1=" " ind2=" ">
    <subfield code="0">0</subfield>
    <subfield code="1">0</subfield>
    <subfield code="2">ddc</subfield>
    <subfield code="4">0</subfield>
    <subfield code="7">0</subfield>
    <subfield code="8">NFIC</subfield>
    <subfield code="a">RUCL</subfield>
    <subfield code="b">RUCL</subfield>
    <subfield code="c">Stack</subfield>
    <subfield code="d">1984-03-08</subfield>
    <subfield code="l">0</subfield>
    <subfield code="o">181.4 SAD V-1 1980</subfield>
    <subfield code="r">2014-04-23 00:00:00</subfield>
    <subfield code="t">C-3</subfield>
    <subfield code="w">2014-04-23</subfield>
    <subfield code="y">BK</subfield>
  </datafield>
</record>
